| Tag |
First Indicator |
Second Indicator |
Subfields |
| LEADER |
00000cam a2200000 a 4500 |
| 001 |
in00000088691 |
| 005 |
20151008065214.0 |
| 008 |
811203s1981 gau b s00110 eng |
| 010 |
|
|
|a 81621676
|
| 035 |
|
|
|a (OCoLC)07154152
|
| 035 |
|
|
|9 AAK5539AM
|
| 039 |
0 |
|
|a 2
|b 3
|c 3
|d 3
|e 3
|
| 040 |
|
|
|a DLC
|c DLC
|d TXA
|d UtOrBLW
|
| 049 |
|
|
|a TXAM
|c [1561310]
|
| 050 |
0 |
0 |
|a L900
|b .D93
|
| 082 |
0 |
|
|a 378/.0025
|2 19
|
| 100 |
1 |
|
|a Dyer, Thomas G.
|
| 245 |
1 |
0 |
|a Higher education periodicals :
|b a directory /
|c Thomas Dyer, Margaret Davis.
|
| 264 |
|
1 |
|a [Athens] :
|b Institute of Higher Education, University of Georgia,
|c [1981]
|
| 264 |
|
4 |
|c ©1981
|
| 300 |
|
|
|a vii, 148 pages ;
|c 21 cm.
|
| 336 |
|
|
|a text
|b txt
|2 rdacontent
|
| 337 |
|
|
|a unmediated
|b n
|2 rdamedia
|
| 338 |
|
|
|a volume
|b nc
|2 rdacarrier
|
| 500 |
|
|
|a Includes index.
|
| 504 |
|
|
|a Bibliography: pages iv.
|
| 650 |
|
0 |
|a Education, Higher
|v Periodicals
|x Directories.
|
| 700 |
1 |
|
|a Davis, Margaret,
|d 1929-
|
| 710 |
2 |
|
|a University of Georgia.
|b Institute of Higher Education.
|
| 999 |
|
|
|a MARS
|
| 999 |
f |
f |
|s ca31003d-d8db-3f77-a3d0-79e61611813f
|i 3f9bd28f-13aa-3ef2-b5f1-b4102239d179
|t 0
|
| 952 |
f |
f |
|p ric
|a Texas A&M University
|b Rellis Campus
|c Joint Library Facility
|d Remote Storage
|t 0
|e L900 .D93
|h Library of Congress classification
|i unmediated -- volume
|m A14806158183
|
| 998 |
f |
f |
|a L900 .D93
|t 0
|l Remote Storage
|